An introduction to ENG / (Record no. 9310)

MARC details
000 -LEADER
fixed length control field 00875nac a22002531u 4500
010 ## - LIBRARY OF CONGRESS CONTROL NUMBER
LC control number 92040428
020 ## - INTERNATIONAL STANDARD BOOK NUMBER
International Standard Book Number 0240513177
082 00 - DEWEY DECIMAL CLASSIFICATION NUMBER
Classification number 070.195
Item number HES
090 ## - LOCALLY ASSIGNED LC-TYPE CALL NUMBER (OCLC); LOCAL CALL NUMBER (OCLC)
-- 9310
-- 9310
100 ## - MAIN ENTRY--PERSONAL NAME
Personal name Hesketh, Bernard.
245 13 - TITLE STATEMENT
Title An introduction to ENG /
Statement of responsibility, etc Bernard Hesketh and Ivor Yorke.
260 ## - PUBLICATION, DISTRIBUTION, ETC. (IMPRINT)
Place of publication, distribution, etc Oxford ;
-- Boston :
Name of publisher, distributor, etc Focal Press,c.1993.
Date of publication, distribution, etc c.1993.
300 ## - PHYSICAL DESCRIPTION
Extent 188 p. :
Other physical details ill. ;
Dimensions 22 cm.
490 1# - Series Statement
Series statement Media manual
500 ## - GENERAL NOTE
General note Distributer: Al-Ahram.
504 ## - BIBLIOGRAPHY, ETC. NOTE
Bibliography, etc Includes bibliographical references (p. 177).
511 ## - PARTICIPANT OR PERFORMER NOTE
Participant or performer note Catalogued By: Mahitab.
650 #0 - SUBJECT ADDED ENTRY--TOPICAL TERM
Topical term or geographic name as entry element Television broadcasting of news
General subdivision Vocational guidance.
650 #0 - SUBJECT ADDED ENTRY--TOPICAL TERM
Topical term or geographic name as entry element Video recordings
General subdivision Production and direction.
650 #0 - SUBJECT ADDED ENTRY--TOPICAL TERM
Topical term or geographic name as entry element Television
General subdivision Production and direction.
700 1# - ADDED ENTRY--PERSONAL NAME
Personal name Yorke, Ivor.
830 #0 - SERIES ADDED ENTRY--UNIFORM TITLE
Uniform title Media manuals.
942 ## - ADDED ENTRY ELEMENTS (KOHA)
Item type Book - Borrowing
Call number prefix 070.195HES
Holdings
Withdrawn status Item status Damaged status Not for loan Home library Current library Shelving location Date acquired Source of acquisition Total Checkouts Full call number Barcode Date last seen Cost, replacement price Koha item type
        Central Library Central Library Lower Floor 30/04/2008 Purchase   070.195HES 000011231 15/07/2025 85.50 Book - Borrowing